[Event "Collado Villalba op-B 35th"]
[Site "Collado Villalba"]
[Date "2018.08.24"]
[Round "1"]
[White "Perez Rodrigo, Alicia"]
[Black "Lucia Carpintero, Oscar"]
[Result "0-1"]
[WhiteElo "1351"]
[BlackElo "1659"]
[PlyCount "68"]
[EventDate "2018.08.24"]
[EventType "swiss"]
[EventRounds "9"]
[EventCountry "ESP"]
[SourceTitle "CBM 186 Extra"]
[Source "ChessBase"]
[SourceDate "2018.08.24"]
[SourceVersion "1"]
[SourceVersionDate "2018.08.24"]
[SourceQuality "1"]

1. d4 Nf6 2. c4 c5 3. d5 b5 4. b3 g6 5. Nc3 bxc4 6. bxc4 d6 7. e4 Bg7 8. Rb1 0-0 9. Bd3 Nbd7 10. f4 Nb6 11. Nf3 Bg4 12. 0-0 Qc7 13. Be3 a6 14. Qd2 Bxf3 15. Rxf3 Ng4 16. Ne2 Nxe3 17. Qxe3 Rab8 18. Rh3 Na4 19. Qd2 Rxb1+ 20. Bxb1 Rb8 21. Rb3 a5 22. Bc2 Nb2 23. Bd3 a4 24. Rxb8+ Qxb8 25. Kf1 Nxd3 26. Qxd3 Qb2 27. e5 Qxa2 28. Nc3 Qa1+ 29. Kf2 dxe5 30. Qc2 a3 31. Ke2 exf4 32. Kd3 Bxc3 33. Qxc3 Qd1+ 34. Ke4 Qd4+ 0-1

[Event "Tres Cantos op 9th"]
[Site "Tres Cantos"]
[Date "2017.06.23"]
[Round "2"]
[White "Yingrui, Lin"]
[Black "Lucia Carpintero, Oscar"]
[Result "1-0"]
[WhiteElo "1967"]
[BlackElo "1650"]
[PlyCount "65"]
[EventDate "2017.06.22"]
[EventType "swiss"]
[EventRounds "9"]
[EventCountry "ESP"]
[SourceTitle "EXT 2019"]
[Source "ChessBase"]
[SourceDate "2018.10.10"]
[SourceVersion "1"]
[SourceVersionDate "2018.10.10"]
[SourceQuality "1"]

1. Nf3 Nf6 2. g3 g6 3. Bg2 Bg7 4. 0-0 0-0 5. d3 d5 6. Nbd2 c6 7. e4 Bg4 8. h3 Bxf3 9. Bxf3 e6 10. exd5 exd5 11. Nb3 Nbd7 12. d4 Re8 13. Bf4 Ne4 14. Re1 Ndf6 15. Qd3 Qd7 16. Bg2 b6 17. Nd2 Nxd2 18. Qxd2 Ne4 19. Qd3 f5 20. f3 Nf6 21. Be5 Nh5 22. Bxg7 Kxg7 23. f4 Nf6 24. Re5 Ne4 25. Rf1 Rad8 26. c3 Rxe5 27. fxe5 Qe7 28. Qe3 b5 29. a3 a5 30. g4 Rf8 31. gxf5 Rxf5 32. Bxe4 Rxf1+ 33. Kxf1 1-0

[Event "Madrid-ch sf"]
[Site "Madrid"]
[Date "2016.02.24"]
[Round "9"]
[White "Vinas Lopez, Carlos"]
[Black "Lucia Carpintero, Oscar"]
[Result "1-0"]
[WhiteElo "1913"]
[BlackElo "1675"]
[PlyCount "35"]
[EventDate "2016.02.08"]
[EventType "swiss"]
[EventRounds "9"]
[EventCountry "ESP"]
[SourceTitle "CBM 171 Extra"]
[Source "ChessBase"]
[SourceDate "2016.04.26"]
[SourceVersion "1"]
[SourceVersionDate "2016.04.26"]
[SourceQuality "1"]

1. d4 Nf6 2. Bg5 d5 3. Bxf6 gxf6 4. c4 c6 5. e3 Bg7 6. Nc3 0-0 7. cxd5 cxd5 8. Bd3 e6 9. Qh5 h6 10. g4 b6 11. h4 Ba6 12. Bxa6 Nxa6 13. Nf3 Re8 14. g5 hxg5 15. hxg5 e5 16. gxf6 Qxf6 17. Nxe5 Nb4 18. Qh7+ 1-0

[Event "Madrid-ch"]
[Site "Madrid"]
[Date "2015.02.16"]
[Round "7"]
[White "Morona Calvo, Virgilio"]
[Black "Lucia Carpintero, Oscar"]
[Result "0-1"]
[WhiteElo "1411"]
[BlackElo "1661"]
[PlyCount "67"]
[EventDate "2015.02.02"]
[EventType "swiss"]
[EventRounds "9"]
[EventCountry "ESP"]
[SourceTitle "CBM 164 Extra"]
[Source "ChessBase"]
[SourceDate "2015.03.02"]
[SourceVersion "1"]
[SourceVersionDate "2015.03.02"]
[SourceQuality "1"]

1. e4 Nf6 2. e5 Nd5 3. Nf3 d6 4. c4 Nb6 5. b3 dxe5 6. Nxe5 Qd4 7. Nxf7 Kxf7 8. Qf3+ Qf6 9. Qxf6+ exf6 10. Nc3 c6 11. Be2 Bf5 12. 0-0 Bd6 13. d4 Bc7 14. Bf3 N8d7 15. Be3 Rhe8 16. Rad1 Rad8 17. d5 Ne5 18. Bxb6 Nxf3+ 19. gxf3 Bxb6 20. a3 Bh3 21. Rfe1 Rxe1+ 22. Rxe1 Bd4 23. Ne4 cxd5 24. cxd5 Rxd5 25. b4 Bb6 26. Rc1 Ke7 27. a4 a5 28. b5 Rd4 29. Re1 Kd7 30. Nc3 Rd3 31. Rd1 Rxd1+ 32. Nxd1 Bd4 33. Ne3 Bxe3 34. fxe3 0-1

[Event "Madrid-ch"]
[Site "Madrid"]
[Date "2015.02.02"]
[Round "1"]
[White "Lopez Heras, Arturo"]
[Black "Lucia Carpintero, Oscar"]
[Result "1-0"]
[WhiteElo "1866"]
[BlackElo "1661"]
[PlyCount "57"]
[EventDate "2015.02.02"]
[EventType "swiss"]
[EventRounds "9"]
[EventCountry "ESP"]
[SourceTitle "CBM 164 Extra"]
[Source "ChessBase"]
[SourceDate "2015.03.02"]
[SourceVersion "1"]
[SourceVersionDate "2015.03.02"]
[SourceQuality "1"]

1. d4 d5 2. c4 dxc4 3. e4 Nf6 4. Nc3 e6 5. Bxc4 Bb4 6. Bd3 0-0 7. Nf3 h6 8. 0-0 c5 9. a3 cxd4 10. axb4 dxc3 11. bxc3 Qc7 12. c4 e5 13. Bb2 Re8 14. h3 b6 15. Re1 Bb7 16. Qb3 Nc6 17. b5 Na5 18. Qc3 Nd7 19. Rec1 Nc5 20. Bc2 f6 21. Re1 Rad8 22. Ba3 Rd7 23. Bb4 Red8 24. Bxa5 bxa5 25. Qxa5 Qc8 26. Nh4 Rd2 27. Nf5 R8d7 28. Ne7+ Rxe7 29. Qxd2 1-0

[Event "Madrid-ch Previa-A"]
[Site "Madrid"]
[Date "2014.02.17"]
[Round "7"]
[White "Lucia Carpintero, Oscar"]
[Black "Prieto Saiz, Carlos Francisco"]
[Result "0-1"]
[WhiteElo "1665"]
[BlackElo "1723"]
[PlyCount "148"]
[EventDate "2014.02.03"]
[EventType "swiss"]
[EventRounds "9"]
[EventCountry "ESP"]
[SourceTitle "EXT 2015"]
[Source "ChessBase"]
[SourceDate "2014.11.20"]
[SourceVersion "1"]
[SourceVersionDate "2014.11.20"]
[SourceQuality "1"]

1. d4 Nf6 2. Bg5 e6 3. e4 Be7 4. e5 Nd5 5. Bxe7 Nxe7 6. Nf3 b6 7. c4 d5 8. exd6 Qxd6 9. Nc3 Bb7 10. Be2 0-0 11. Qc2 h6 12. 0-0-0 c5 13. Nb5 Qf4+ 14. Qd2 Qxd2+ 15. Rxd2 Nd7 16. Rhd1 cxd4 17. Nbxd4 Nf6 18. Nb5 Bc6 19. Nc3 Rac8 20. b3 b5 21. cxb5 Bxf3 22. Bxf3 Rxc3+ 23. Kb2 Rc5 24. a4 Ned5 25. Ka3 Rfc8 26. Rd3 Rc2 27. R1d2 R2c5 28. Rd4 g5 29. h3 Kg7 30. Be2 Kf8 31. a5 Ke7 32. Rc4 Nd7 33. Rdc2 Kd6 34. Ka4 f5 35. Rd2 Ke7 36. Rdd4 Rxc4+ 37. Bxc4 Nc5+ 38. Ka3 Rb8 39. b4 Nd7 40. Bxd5 exd5 41. Rxd5 f4 42. Ka4 Ke6 43. Rd2 Ne5 44. Rc2 Kd7 45. Rc5 Nf7 46. a6 Nd6 47. Ka5 Rb6 48. h4 gxh4 49. Rh5 Ne4 50. Rxh4 Rf6 51. f3 Ng3 52. Rg4 Rf7 53. b6 Rf5+ 54. b5 axb6+ 55. Kxb6 Rf6+ 56. Kb7 Nf5 57. a7 Nd6+ 58. Ka6 Nc8+ 59. Ka5 Nb6 60. Rxf4 Nc4+ 61. Kb4 Rxf4 62. Kc5 Rf8 63. Kxc4 Ra8 64. b6 Kc6 65. Kd4 Kxb6 66. g4 Rxa7 67. Ke5 Ra3 68. f4 Rg3 69. Kf5 Kc6 70. g5 h5 71. Kg6 h4 72. f5 h3 73. f6 h2 74. f7 Rf3 0-1

[Event "Madrid-ch Previa-A"]
[Site "Madrid"]
[Date "2014.02.11"]
[Round "5"]
[White "Lopez Orellana, Federico"]
[Black "Lucia Carpintero, Oscar"]
[Result "1-0"]
[WhiteElo "1818"]
[BlackElo "1665"]
[PlyCount "61"]
[EventDate "2014.02.03"]
[EventType "swiss"]
[EventRounds "9"]
[EventCountry "ESP"]
[SourceTitle "EXT 2015"]
[Source "ChessBase"]
[SourceDate "2014.11.20"]
[SourceVersion "1"]
[SourceVersionDate "2014.11.20"]
[SourceQuality "1"]

1. d4 Nf6 2. Bg5 c5 3. d5 Ne4 4. Bf4 Qb6 5. Nd2 Nxd2 6. Bxd2 Qxb2 7. e4 d6 8. Bc4 Qf6 9. Ne2 e5 10. 0-0 g5 11. Qc1 Rg8 12. Qb2 b6 13. f4 gxf4 14. Bxf4 Qg6 15. Bg3 Qxe4 16. Bb5+ Bd7 17. Rae1 Qxd5 18. c4 Qb7 19. Nf4 Bxb5 20. Qxb5+ Qd7 21. Qb1 f5 22. Nd5 Be7 23. Rxf5 Nc6 24. Rf7 0-0-0 25. Qxh7 Rh8 26. Qe4 Qe8 27. Ref1 Kb8 28. Qg6 Rf8 29. Qh7 Rxf7 30. Rxf7 Nb4 31. Rxe7 1-0

[Event "Madrid-ch Previa-A"]
[Site "Madrid"]
[Date "2014.02.10"]
[Round "4"]
[White "Lucia Carpintero, Oscar"]
[Black "Cano Mercado, Francisco Manuel"]
[Result "1/2-1/2"]
[WhiteElo "1665"]
[BlackElo "1863"]
[PlyCount "164"]
[EventDate "2014.02.03"]
[EventType "swiss"]
[EventRounds "9"]
[EventCountry "ESP"]
[SourceTitle "EXT 2015"]
[Source "ChessBase"]
[SourceDate "2014.11.20"]
[SourceVersion "1"]
[SourceVersionDate "2014.11.20"]
[SourceQuality "1"]

1. d4 Nf6 2. Bg5 Ne4 3. Bf4 c5 4. f3 Qa5+ 5. c3 Nf6 6. Nd2 cxd4 7. Nb3 Qb6 8. Qxd4 Qxd4 9. Nxd4 g6 10. Nb5 Na6 11. e4 Bg7 12. Bc4 0-0 13. Ne2 d6 14. 0-0-0 Bd7 15. Be3 Rfc8 16. Bd3 Nc5 17. Nbd4 Nxd3+ 18. Rxd3 b5 19. g4 Be8 20. h4 Nd7 21. h5 Ne5 22. Rdd1 b4 23. hxg6 hxg6 24. Rh4 bxc3 25. Nxc3 Nc4 26. Bh6 Rab8 27. Bxg7 Kxg7 28. b3 Ne3 29. Rd3 Ng2 30. Rh2 Nf4 31. Re3 e5 32. Nde2 Bb5 33. Kb2 Bxe2 34. Nxe2 Ne6 35. Rc3 Nc5 36. Rc4 a5 37. Nc3 Nd3+ 38. Ka3 Rxc4 39. bxc4 Rb4 40. Nb5 Rxc4 41. Nxd6 Rb4 42. Ne8+ Kf8 43. Nf6 Rd4 44. g5 Nf4 45. Rh8+ Ke7 46. Re8+ Kd6 47. Rd8+ Kc7 48. Rxd4 exd4 49. Kb3 Kd6 50. Kc4 d3 51. Kc3 Kc5 52. Nd7+ Kd6 53. Nb6 Kc6 54. Nc4 Kb5 55. Ne5 a4 56. Nxf7 a3 57. Ne5 Ne2+ 58. Kd2 Nd4 59. Kxd3 Ne6 60. Nxg6 Nxg5 61. f4 Nf7 62. e5 Kc5 63. e6 Nd6 64. e7 Kd5 65. Kc3 Ke6 66. Kb3 Kf7 67. Ne5+ Kxe7 68. Kxa3 Nb5+ 69. Kb4 Nd4 70. a4 Kd6 71. a5 Ne6 72. a6 Nxf4 73. a7 Nd5+ 74. Ka5 Nc7 75. Kb6 Na8+ 76. Kb7 Nc7 77. Nc4+ Kd7 78. Nb6+ Kd8 79. Nd5 Na8 80. Kxa8 Kc8 81. Ne7+ Kc7 82. Nc6 Kc8 1/2-1/2

[Event "Madrid-ch Previa-A"]
[Site "Madrid"]
[Date "2010.11.24"]
[Round "8"]
[White "Lucia Carpintero, Oscar"]
[Black "Galan Aguado, Fernando"]
[Result "0-1"]
[WhiteElo "1668"]
[BlackElo "1820"]
[PlyCount "86"]
[EventDate "2010.11.10"]
[EventType "swiss"]
[EventRounds "9"]
[EventCountry "ESP"]
[SourceTitle "EXT 2012"]
[Source "ChessBase"]
[SourceDate "2011.11.24"]
[SourceVersion "1"]
[SourceVersionDate "2011.11.24"]
[SourceQuality "1"]

1. f4 Nf6 2. Nf3 e6 3. e3 b6 4. Be2 Bb7 5. b3 g6 6. Bb2 Bg7 7. 0-0 0-0 8. d3 Re8 9. e4 d5 10. e5 Ng4 11. Qc1 c5 12. h3 Nh6 13. d4 Nf5 14. c3 Nc6 15. Na3 Rc8 16. Qd2 Ng3 17. Rfc1 Bh6 18. Bd3 Nh5 19. Nb5 Bxf4 20. Qf2 Bxc1 21. Bxc1 Rf8 22. Bh6 Ng7 23. Nd6 Rc7 24. Bg5 Qd7 25. Bf6 cxd4 26. Qh4 Nh5 27. Qg5 Nxe5 28. Nxe5 Qxd6 29. Ng4 Nxf6 30. Qxf6 h6 31. Nxh6+ Kh7 32. Ng4 Qe7 33. Qf4 f5 34. Qh6+ Kg8 35. Qxg6+ Qg7 36. Qxe6+ Kh8 37. Bxf5 Bc8 38. Qe1 Bxf5 39. Qh4+ Bh7 40. Rd1 dxc3 41. Rxd5 c2 42. Rd8 c1Q+ 43. Kh2 Qf4+ 0-1